[Event "Opera Euro Rapid Prelims 2021"]
[Site "Online"]
[Date "2021.02.03"]
[Round "14.1"]
[White "Dubov, Daniil"]
[Black "Carlsen, Magnus"]
[Result "1/2-1/2"]
[WhiteElo "2710"]
[BlackElo "2862"]
[Annotator "TA"]
[PlyCount "244"]
[EventDate "2021.02.02"]
[EventType "tourn"]
[EventCountry "NET"]
[Tiebreak "Koya+Number of black wins+Number of wins"]
[SourceTitle "playchess.com"]
[Source "ChessBase"]
[SourceQuality "1"]

{[%evp 16,244,19,0,20,6,39,10,12,10,54,52,75,79,87,81,81,77,68,83,84,81,81,74,
181,154,132,130,150,127,118,123,142,127,172,185,145,40,95,101,84,89,88,31,99,
100,100,100,100,102,140,140,140,140,140,140,140,140,147,147,153,153,192,192,
201,200,200,193,201,201,201,201,201,201,201,201,201,201,201,201,201,201,201,
201,201,0,201,201,201,201,201,201,201,171,171,171,171,171,171,171,171,171,171,
171,171,171,171,171,171,171,171,171,171,171,171,132,132,132,171,171,171,132,
132,132,132,132,132,132,132,0,0,0,0,0,0,0,0,0,0,0,0,0,0,0,0,0,0,0,0,0,0,0,
12841,12842,12842,12840,12841,12841,12845,12845,12846,0,0,0,0,0,12848,0,0,0,0,
0,0,0,0,0,0,0,0,0,0,0,0,0,0,0,0,0,0,0,0,0,0,0,0,0,0,0,0,0,0,0,0,0,0,0,0,0,0,0,
0,0,0,0,0,0,0,0,0,0,0,0,0,0,0,0,0,0,0,0,0]} 1. d4 d5 2. c4 c6 3. Nf3 Nf6 4. Nc3
e6 5. g3 Nbd7 6. Bg2 Be7 7. O-O O-O 8. b3 b6 9. Bb2 a5 {9...Ba6 gains
popularity. E07: Closed Catalan: Main Line (5 Nf3 0-0 6 0-0 Nbd7).} 10. e4 Ba6
{[#]} 11. Ne5 $146 ({Predecessor:} 11. Nd2 Rc8 12. Re1 dxe4 13. Ndxe4 b5 14. d5
cxd5 15. cxd5 exd5 16. Nxd5 Nxd5 17. Qxd5 Rc2 18. Qd4 Nf6 19. Rec1 Qxd4 20.
Bxd4 Rxc1+ 21. Rxc1 Nxe4 22. Bxe4 {1-0 (59) Predojevic,B (2617)-Saric,I (2637)
Sarajevo 2011}) 11... Rc8 12. Re1 {[%cal Rc4d5]} dxc4 13. Nxc4 (13. bxc4 Nxe5
14. dxe5 Nd7 $17) 13... Bxc4 14. bxc4 e5 15. Ne2 Bb4 16. Rf1 Re8 17. Qc2 Qe7
18. c5 exd4 19. cxb6 c5 (19... Qc5 $16 20. Qxc5 (20. Nxd4 Qxc2 21. Nxc2 Nxb6
$14) 20... Bxc5) 20. a3 Nxb6 21. axb4 axb4 {[%cal Rf6e4]} 22. Nf4 Qd6 23. Rfd1
Nbd7 24. Rac1 Qa6 25. Nd3 h5 26. h3 (26. f3 $16) 26... b3 (26... Nxe4 $14 27.
Bxe4 Rxe4) 27. Qc4 Qxc4 28. Rxc4 Nxe4 29. Bxd4 (29. Bxe4 $16 Rxe4 30. Kf1)
29... Nb6 (29... f5 $14) 30. Rxc5 $16 ({Inferior is} 30. Nxc5 Nxc4 31. Nxe4 Rb8
$17) 30... Nxc5 31. Nxc5 ({Don't play} 31. Bxc5 Na4 $15) 31... b2 32. Nd3 {
[%mdl 64] Discovered Attack} Nc4 33. Nxb2 Red8 34. Bc3 Nxb2 35. Rxd8+ Rxd8 36.
Bxb2 Rd1+ 37. Bf1 $1 Rb1 38. Bd4 Rd1 39. Be3 Ra1 40. Kg2 Ra5 41. Kf3 Rf5+ 42.
Ke4 Ra5 43. Bc4 Ra4 44. Kd5 Ra1 45. Kd6 Kf8 46. Bc5 Rd1+ 47. Kc6+ Kg8 48. Bd5
Rd3 49. Be4 Rd2 50. Bd5 Rd3 $1 51. Be3 g6 52. Kd6 Kg7 53. Ke5 Rd1 54. g4 hxg4
55. hxg4 Rd3 56. Bg5 Rd1 57. Bf6+ Kf8 58. Kd6 Rd2 59. f3 Rd1 60. Bc3 Rd3 61.
Be5 Rd1 62. f4 Rg1 {[#]} 63. g5 $1 Rd1 64. Kc6 Rd2 65. Bd6+ Kg7 66. Bb3 Rd3 67.
Bc4 Rd1 68. Kd7 Rd4 69. Bb5 f6 70. Ke6 Re4+ 71. Kd5 Re1 72. gxf6+ ({Better is} 
72. Bc5 $16 Kf7 73. Bd4) 72... Kxf6 $11 73. Be5+ (73. f5 {seems wilder.} gxf5)
73... Ke7 74. Bd3 Kf7 75. Bc4 Ke7 76. Kd4 Ra1 77. Bd3 (77. f5 {feels hotter.}
gxf5) 77... Kf7 78. Kd5 (78. f5 {feels hotter.} gxf5 79. Bxf5) 78... Rd1 (78...
Ra5+ {seems wilder.} 79. Kd6 Ra3 80. Be4 Ra6+ 81. Kd5 Ra5+) 79. Ke4 Re1+ 80.
Kd4 Rd1 81. Bc7 Ke7 82. Ke3 Rc1 83. Bb6 Rg1 $2 {[%mdl 8192]} (83... Kf8 $11)
84. Kf3 $18 Rc1 85. Kg4 Rc3 86. Be4 Kf7 87. Bd5+ Ke7 {[#]} 88. Ba5 $2 (88. Bf2
$1 $18 Rd3 89. Be4) 88... Rc1 $11 89. Bb6 Rd1 90. Bf3 (90. Bd4 {is interesting.
} Rxd4) 90... Rf1 $2 {[%mdl 8192]} (90... Rd2 $11) 91. Bg2 $2 (91. Be4 $18 Kf6
92. Bd4+ Ke6 93. Bxg6) 91... Rb1 {The position is equal.} 92. Bc5+ Kf7 93. Be4
Re1 94. Bd5+ Kg7 95. Bf3 Rc1 96. Be3 (96. Be2 {with more complications.} Rxc5)
96... Rb1 97. Bd4+ Kh6 98. Bc5 Kg7 99. Be2 Rc1 100. Be3 (100. Bd3 {keeps more
tension.} Rxc5) 100... Re1 101. Bd4+ (101. f5 {is more complex.} Rxe2) 101...
Kh6 102. Bf3 (102. f5 {looks sharper.} Rxe2) 102... Rb1 103. Bf6 Rg1+ 104. Kh4
Rb1 105. Bg5+ (105. f5 {seems wilder.} gxf5) 105... Kg7 106. Kg3 Rb3 107. Kf2
Ra3 108. Ke2 Rb3 109. Be4 Ra3 110. Bd3 Rb3 111. Ke3 Rb4 112. Be4 Ra4 113. Bd5 {
Strongly threatening Be7.} Rb4 114. Kd3 {aiming for Kc3.} Ra4 115. Bc4 {
Hoping for Bb3.} Ra1 116. Kd4 Re1 117. Kd5 {Threatens to win with Bd3.} Rd1+
118. Ke5 Re1+ 119. Kd6 {Kc5 is the strong threat.} Rd1+ 120. Ke7 Re1+ 121. Be6
{Black must now prevent Kd6.} Re4 122. Kd6 {And now Bd7 would win.} Re1 {
Weighted Error Value: White=0.13/Black=0.10} 1/2-1/2

[Event "Opera Euro Rapid Prelims 2021"]
[Site "Online"]
[Date "2021.02.03"]
[Round "14.5"]
[White "Bluebaum, Matthias"]
[Black "Nakamura, Hikaru"]
[Result "0-1"]
[WhiteElo "2670"]
[BlackElo "2736"]
[Annotator "RC"]
[PlyCount "172"]
[EventDate "2021.02.02"]
[EventType "tourn"]
[EventCountry "NET"]
[Tiebreak "Koya+Number of black wins+Number of wins"]
[SourceTitle "playchess.com"]
[Source "ChessBase"]
[SourceQuality "1"]
[TimeControl "900+10"]

1. d4 {[%emt 0:00:00]} Nf6 {[%emt 0:00:00]} 2. Nf3 {[%emt 0:00:00]} d5 {
[%emt 0:00:00]} 3. e3 {[%emt 0:00:00]} c5 {[%emt 0:00:00]} 4. Nbd2 {[%emt 0:00:
00]} Nc6 {[%emt 0:00:41]} 5. c3 {[%emt 0:00:52]} cxd4 {[%emt 0:00:36]} 6. exd4
{[%emt 0:00:00]} Bf5 {[%emt 0:00:01]} 7. Nh4 {[%emt 0:00:18]} Bg4 {[%emt 0:00:
41]} 8. Ndf3 {[%emt 0:00:38]} e6 {[%emt 0:00:20]} 9. h3 {[%emt 0:00:03]} Bh5 {
[%emt 0:00:02]} 10. Bd3 {[%emt 0:00:11]} Bd6 {[%emt 0:00:14]} 11. Qe2 {[%emt 0:
00:21]} Bg6 {[%emt 0:00:15]} 12. Nxg6 {[%emt 0:00:22]} hxg6 {[%emt 0:00:00]}
13. Bg5 {[%emt 0:00:20]} Qc7 {[%emt 0:00:07]} 14. g3 {[%emt 0:00:19]} O-O-O {
[%emt 0:00:05]} 15. O-O-O {[%emt 0:00:27]} Kb8 {[%emt 0:00:11]} 16. Kb1 {
[%emt 0:00:02]} Rc8 {[%emt 0:00:05]} 17. h4 {[%emt 0:00:23]} Na5 {[%emt 0:01:
17]} 18. Ne5 {[%emt 0:01:24]} Ka8 {[%emt 0:00:54]} 19. Bf4 {[%emt 0:00:30]}
Rhd8 {[%emt 0:00:12]} 20. Rc1 {[%emt 0:00:42]} Nc6 {[%emt 0:00:52]} 21. Rhe1 {
[%emt 0:00:24]} Bxe5 {[%emt 0:00:32]} 22. dxe5 {[%emt 0:00:51]} Nd7 {[%emt 0:
00:04]} 23. h5 {[%emt 0:00:01]} gxh5 {[%emt 0:00:31]} 24. Qxh5 {[%emt 0:00:04]}
g6 {[%emt 0:00:01]} 25. Qe2 {[%emt 0:01:07]} Rh8 {[%emt 0:02:07]} 26. c4 {
[%emt 0:03:09]} d4 {[%emt 0:01:31]} 27. c5 {[%emt 0:01:09]} Nb4 {[%emt 0:00:03]
} 28. a3 {[%emt 0:00:52]} Nd5 {[%emt 0:01:32]} 29. Rc4 {[%emt 0:00:34]} Nb8 {
[%emt 0:00:56]} 30. Rxd4 {[%emt 0:00:57]} Qxc5 {[%emt 0:00:10]} 31. Rc4 {
[%emt 0:00:12]} Qb6 {[%emt 0:00:20]} 32. Bd2 {[%emt 0:00:42]} Nc6 {[%emt 0:00:
07]} 33. Rec1 {[%emt 0:00:24]} Rh2 {[%emt 0:00:48]} 34. Be1 {[%emt 0:00:03]}
Rd8 {[%emt 0:00:14]} 35. Be4 {[%emt 0:00:54]} a6 {[%emt 0:00:21]} 36. Rd1 {
[%emt 0:00:55]} Nxe5 {[%emt 0:01:26]} 37. Rcc1 {[%emt 0:00:06]} Nc6 {[%emt 0:
00:07]} 38. Qf3 {[%emt 0:00:23]} Ne5 {[%emt 0:00:17]} 39. Qe2 {[%emt 0:00:05]}
f6 {[%emt 0:00:21]} 40. Ka1 {[%emt 0:00:28]} g5 {[%emt 0:00:09]} 41. Qd2 {
[%emt 0:00:18]} Nc6 {[%emt 0:00:14]} 42. Qd3 {[%emt 0:01:15]} Rhh8 {[%emt 0:00:
40]} 43. Kb1 {[%emt 0:00:08]} Ne5 {[%emt 0:01:14]} 44. Qe2 {[%emt 0:00:01]} g4
{[%emt 0:00:01]} 45. Bg2 {[%emt 0:00:06]} Rhe8 {[%emt 0:00:17]} 46. Qe4 {
[%emt 0:00:07]} Qb3 {[%emt 0:00:07]} 47. Qc2 {[%emt 0:00:25]} Qxc2+ {[%emt 0:
00:06]} 48. Kxc2 {[%emt 0:00:00]} f5 {[%emt 0:00:26]} 49. Kb1 {[%emt 0:00:02]}
Nc6 {[%emt 0:00:08]} 50. Bd2 {[%emt 0:00:04]} Rg8 {[%emt 0:00:10]} 51. Rh1 {
[%emt 0:00:05]} Nd4 {[%emt 0:00:12]} 52. Ba5 {[%emt 0:00:12]} Rd7 {[%emt 0:00:
03]} 53. Ka2 {[%emt 0:00:18]} Ka7 {[%emt 0:00:17]} 54. Rh6 {[%emt 0:00:07]} Re8
{[%emt 0:00:26]} 55. Rd1 {[%emt 0:00:29]} Nc6 {[%emt 0:00:13]} 56. Bd2 {
[%emt 0:00:01]} Nb6 {[%emt 0:00:19]} 57. Bxc6 {[%emt 0:00:23]} bxc6 {[%emt 0:
00:00]} 58. Kb1 {[%emt 0:00:01]} Red8 {[%emt 0:00:36]} 59. Kc1 {[%emt 0:00:01]}
Rd6 {[%emt 0:00:01]} 60. b3 {[%emt 0:00:09]} R8d7 {[%emt 0:00:12]} 61. a4 {
[%emt 0:00:13]} Kb7 {[%emt 0:00:01]} 62. Kc2 {[%emt 0:00:04]} c5 {[%emt 0:00:
06]} 63. Rhh1 {[%emt 0:00:19]} Kc6 {[%emt 0:00:12]} 64. Rhe1 {[%emt 0:00:13]}
Nd5 {[%emt 0:00:12]} 65. Re2 {[%emt 0:00:08]} Nb4+ {[%emt 0:00:18]} 66. Kc1 {
[%emt 0:00:01]} e5 {[%emt 0:00:36]} 67. Rh1 {[%emt 0:00:01]} Nd3+ {[%emt 0:00:
01]} 68. Kc2 {[%emt 0:00:01]} f4 {[%emt 0:00:02]} 69. gxf4 {[%emt 0:00:24]}
exf4 {[%emt 0:00:00]} 70. Bc3 {[%emt 0:00:08]} Nb4+ {[%emt 0:00:36]} 71. Bxb4 {
[%emt 0:00:09]} cxb4 {[%emt 0:00:00]} 72. Rg1 {[%emt 0:00:28]} f3 {[%emt 0:00:
07]} 73. Re4 {[%emt 0:00:02]} Rd2+ {[%emt 0:00:28]} 74. Kc1 {[%emt 0:00:02]}
R7d4 {[%emt 0:00:16]} 75. Rexg4 {[%emt 0:00:19]} Rxg4 {[%emt 0:00:01]} 76. Rxg4
{[%emt 0:00:00]} Rxf2 {[%emt 0:00:00]} 77. Rxb4 {[%emt 0:00:17]} Ra2 {[%emt 0:
00:08]} 78. Rf4 {[%emt 0:00:09]} f2 {[%emt 0:00:01]} 79. Kd1 {[%emt 0:00:03]}
a5 {[%emt 0:00:02]} 80. Rf5 {[%emt 0:00:17]} Kd6 {[%emt 0:00:04]} 81. Rf3 {
[%emt 0:00:06]} Kd5 {[%emt 0:00:09]} 82. Rf4 {[%emt 0:00:11]} Ke5 {[%emt 0:00:
02]} 83. Rf8 {[%emt 0:00:09]} Kd4 {[%emt 0:00:04]} 84. Rf3 {[%emt 0:00:04]} Ke4
{[%emt 0:00:03]} 85. Rf8 {[%emt 0:00:02]} Ke3 {[%emt 0:00:02]} 86. Re8+ {
[%emt 0:00:36]} Kd3 {[%emt 0:00:02]} 0-1

[Event "Opera Euro Rapid Prelims 2021"]
[Site "Online"]
[Date "2021.02.03"]
[Round "15.1"]
[White "Grischuk, Alexander"]
[Black "Dubov, Daniil"]
[Result "1/2-1/2"]
[WhiteElo "2777"]
[BlackElo "2710"]
[Annotator "RC"]
[PlyCount "174"]
[EventDate "2021.02.02"]
[EventType "tourn"]
[EventCountry "NET"]
[Tiebreak "Koya+Number of black wins+Number of wins"]
[SourceTitle "playchess.com"]
[Source "ChessBase"]
[SourceQuality "1"]
[TimeControl "900+10"]

1. d4 {[%emt 0:00:00]} Nf6 {[%emt 0:00:00]} 2. c4 {[%emt 0:00:00]} c5 {[%emt 0:
00:02]} 3. d5 {[%emt 0:00:00]} e6 {[%emt 0:00:01]} 4. Nc3 {[%emt 0:00:00]} exd5
{[%emt 0:00:01]} 5. cxd5 {[%emt 0:00:00]} d6 {[%emt 0:00:00]} 6. e4 {[%emt 0:
00:03]} g6 {[%emt 0:00:01]} 7. f4 {[%emt 0:00:58]} Bg7 {[%emt 0:00:04]} 8. Bb5+
{[%emt 0:00:01]} Nfd7 {[%emt 0:00:02]} 9. a4 {[%emt 0:00:01]} O-O {[%emt 0:00:
04]} 10. Nf3 {[%emt 0:00:05]} c4 {[%emt 0:01:41]} 11. O-O {[%emt 0:03:05]} Nc5
{[%emt 0:00:12]} 12. Bxc4 {[%emt 0:01:31]} Bg4 {[%emt 0:00:04]} 13. h3 {
[%emt 0:01:47]} Bxf3 {[%emt 0:00:03]} 14. Qxf3 {[%emt 0:00:00]} Nbd7 {[%emt 0:
00:04]} 15. Be3 {[%emt 0:00:26]} Rc8 {[%emt 0:00:43]} 16. Rac1 {[%emt 0:01:38]}
Nb6 {[%emt 0:00:31]} 17. Be2 {[%emt 0:03:39]} Ncxa4 {[%emt 0:01:43]} 18. Nxa4 {
[%emt 0:00:03]} Rxc1 {[%emt 0:00:09]} 19. Bxc1 {[%emt 0:00:01]} Nxa4 {[%emt 0:
00:01]} 20. e5 {[%emt 0:00:01]} dxe5 {[%emt 0:01:08]} 21. f5 {[%emt 0:00:03]}
e4 {[%emt 0:00:17]} 22. Qxe4 {[%emt 0:00:13]} Nb6 {[%emt 0:02:31]} 23. d6 {
[%emt 0:01:16]} Nc8 {[%emt 0:01:12]} 24. d7 {[%emt 0:03:08]} Qxd7 {[%emt 0:01:
42]} 25. f6 {[%emt 0:00:03]} Re8 {[%emt 0:00:08]} 26. Qg4 {[%emt 0:00:45]} Qxg4
{[%emt 0:00:04]} 27. Bxg4 {[%emt 0:00:02]} Bf8 {[%emt 0:00:12]} 28. Bf3 {
[%emt 0:00:12]} Bc5+ {[%emt 0:00:21]} 29. Kh2 {[%emt 0:00:13]} Nd6 {[%emt 0:00:
17]} 30. g4 {[%emt 0:00:11]} Bd4 {[%emt 0:01:34]} 31. Bf4 {[%emt 0:00:18]} Ne4
{[%emt 0:01:07]} 32. g5 {[%emt 0:00:11]} h6 {[%emt 0:00:23]} 33. h4 {[%emt 0:
00:02]} hxg5 {[%emt 0:00:08]} 34. hxg5 {[%emt 0:00:00]} Bxb2 {[%emt 0:00:06]}
35. Re1 {[%emt 0:00:31]} Nxf6 {[%emt 0:01:21]} 36. Rb1 {[%emt 0:00:02]} Nh5 {
[%emt 0:00:07]} 37. Bxh5 {[%emt 0:00:07]} Be5 {[%emt 0:00:01]} 38. Bxe5 {
[%emt 0:00:04]} Rxe5 {[%emt 0:00:00]} 39. Bf3 {[%emt 0:00:21]} b6 {[%emt 0:00:
12]} 40. Rg1 {[%emt 0:00:26]} a5 {[%emt 0:00:01]} 41. Kh3 {[%emt 0:00:04]} a4 {
[%emt 0:00:13]} 42. Kg4 {[%emt 0:00:04]} a3 {[%emt 0:00:26]} 43. Ra1 {[%emt 0:
00:10]} Ra5 {[%emt 0:00:01]} 44. Bd1 {[%emt 0:00:12]} b5 {[%emt 0:00:22]} 45.
Bb3 {[%emt 0:00:04]} b4 {[%emt 0:00:01]} 46. Rf1 {[%emt 0:00:19]} Ra7 {[%emt 0:
00:10]} 47. Rf4 {[%emt 0:00:17]} Rb7 {[%emt 0:00:14]} 48. Rd4 {[%emt 0:00:05]}
Kf8 {[%emt 0:00:15]} 49. Re4 {[%emt 0:00:09]} Rb8 {[%emt 0:00:38]} 50. Rf4 {
[%emt 0:00:10]} Rb7 {[%emt 0:00:21]} 51. Re4 {[%emt 0:00:01]} Ra7 {[%emt 0:00:
03]} 52. Rxb4 {[%emt 0:00:09]} a2 {[%emt 0:00:02]} 53. Bxa2 {[%emt 0:00:04]}
Rxa2 {[%emt 0:00:01]} 54. Rb8+ {[%emt 0:00:05]} Kg7 {[%emt 0:00:14]} 55. Rc8 {
[%emt 0:00:08]} Ra4+ {[%emt 0:00:01]} 56. Kg3 {[%emt 0:00:01]} Rd4 {[%emt 0:00:
01]} 57. Rb8 {[%emt 0:00:02]} Rd1 {[%emt 0:00:02]} 58. Kg4 {[%emt 0:00:03]} Rh1
{[%emt 0:00:01]} 59. Ra8 {[%emt 0:00:02]} Rh5 {[%emt 0:00:03]} 60. Rb8 {
[%emt 0:00:04]} Rh8 {[%emt 0:00:01]} 61. Rb7 {[%emt 0:00:04]} Rd8 {[%emt 0:00:
05]} 62. Ra7 {[%emt 0:00:02]} Kf8 {[%emt 0:00:01]} 63. Rb7 {[%emt 0:00:03]}
Rd4+ {[%emt 0:00:01]} 64. Kg3 {[%emt 0:00:02]} Ke8 {[%emt 0:00:01]} 65. Ra7 {
[%emt 0:00:05]} Rd7 {[%emt 0:00:04]} 66. Ra1 {[%emt 0:00:44]} Rd3+ {[%emt 0:00:
07]} 67. Kg4 {[%emt 0:00:03]} Rd4+ {[%emt 0:00:00]} 68. Kg3 {[%emt 0:00:01]}
Rd5 {[%emt 0:00:16]} 69. Kg4 {[%emt 0:00:06]} Ke7 {[%emt 0:00:03]} 70. Ra7+ {
[%emt 0:00:38]} Ke6 {[%emt 0:00:02]} 71. Ra6+ {[%emt 0:00:02]} Rd6 {[%emt 0:00:
02]} 72. Ra4 {[%emt 0:00:21]} Ke5 {[%emt 0:00:08]} 73. Ra7 {[%emt 0:00:15]}
Rd4+ {[%emt 0:00:03]} 74. Kg3 {[%emt 0:00:03]} Ke6 {[%emt 0:00:01]} 75. Ra6+ {
[%emt 0:00:25]} Rd6 {[%emt 0:00:04]} 76. Ra7 {[%emt 0:00:13]} Rd7 {[%emt 0:00:
02]} 77. Ra6+ {[%emt 0:00:11]} Kf5 {[%emt 0:00:06]} 78. Ra5+ {[%emt 0:00:02]}
Ke4 {[%emt 0:00:01]} 79. Ra4+ {[%emt 0:00:13]} Ke5 {[%emt 0:00:03]} 80. Ra5+ {
[%emt 0:00:06]} Rd5 {[%emt 0:00:09]} 81. Ra7 {[%emt 0:00:09]} Ke6 {[%emt 0:00:
18]} 82. Ra6+ {[%emt 0:00:03]} Rd6 {[%emt 0:00:08]} 83. Ra7 {[%emt 0:00:05]}
Rb6 {[%emt 0:00:02]} 84. Kg4 {[%emt 0:00:10]} Rc6 {[%emt 0:00:02]} 85. Kf4 {
[%emt 0:00:12]} Rc4+ {[%emt 0:00:06]} 86. Kg3 {[%emt 0:00:02]} Rd4 {[%emt 0:00:
01]} 87. Ra6+ {[%emt 0:00:13]} Rd6 {[%emt 0:00:01]} 1/2-1/2

[Event "Opera Euro Rapid Prelims 2021"]
[Site "Online"]
[Date "2021.02.03"]
[Round "15.2"]
[White "Giri, Anish"]
[Black "Duda, Jan-Krzysztof"]
[Result "1/2-1/2"]
[WhiteElo "2764"]
[BlackElo "2743"]
[Annotator "RC"]
[PlyCount "143"]
[EventDate "2021.02.02"]
[EventType "tourn"]
[EventCountry "NET"]
[Tiebreak "Koya+Number of black wins+Number of wins"]
[SourceTitle "playchess.com"]
[Source "ChessBase"]
[SourceQuality "1"]
[TimeControl "900+10"]

1. d4 {[%emt 0:00:00]} Nf6 {[%emt 0:00:00]} 2. c4 {[%emt 0:00:00]} e6 {[%emt 0:
00:00]} 3. Nc3 {[%emt 0:00:00]} Bb4 {[%emt 0:00:00]} 4. e3 {[%emt 0:00:00]} c5
{[%emt 0:00:02]} 5. Nge2 {[%emt 0:00:04]} cxd4 {[%emt 0:00:14]} 6. exd4 {
[%emt 0:00:04]} d5 {[%emt 0:00:05]} 7. a3 {[%emt 0:00:18]} Bxc3+ {[%emt 0:00:
09]} 8. Nxc3 {[%emt 0:00:00]} dxc4 {[%emt 0:00:01]} 9. Bxc4 {[%emt 0:00:01]}
O-O {[%emt 0:00:04]} 10. O-O {[%emt 0:00:04]} Nc6 {[%emt 0:00:03]} 11. Be3 {
[%emt 0:00:26]} b6 {[%emt 0:00:56]} 12. Ba2 {[%emt 0:03:17]} Bb7 {[%emt 0:01:
45]} 13. Re1 {[%emt 0:00:01]} Ne7 {[%emt 0:00:35]} 14. Bg5 {[%emt 0:00:17]} Ng6
{[%emt 0:05:18]} 15. d5 {[%emt 0:00:53]} exd5 {[%emt 0:00:00]} 16. Qd4 {
[%emt 0:01:18]} h6 {[%emt 0:01:01]} 17. Bxf6 {[%emt 0:00:05]} Qxf6 {[%emt 0:00:
00]} 18. Qxf6 {[%emt 0:00:03]} gxf6 {[%emt 0:00:00]} 19. Rad1 {[%emt 0:01:44]}
Rfe8 {[%emt 0:01:14]} 20. Bxd5 {[%emt 0:00:02]} Bxd5 {[%emt 0:03:12]} 21. Nxd5
{[%emt 0:00:00]} Kg7 {[%emt 0:00:05]} 22. Rxe8 {[%emt 0:01:22]} Rxe8 {[%emt 0:
00:02]} 23. Ne3 {[%emt 0:00:01]} Re5 {[%emt 0:00:17]} 24. g3 {[%emt 0:00:42]}
f5 {[%emt 0:01:12]} 25. Rd4 {[%emt 0:00:02]} Nf8 {[%emt 0:00:23]} 26. Rd3 {
[%emt 0:00:57]} Rb5 {[%emt 0:00:47]} 27. b4 {[%emt 0:00:06]} a5 {[%emt 0:00:08]
} 28. Nd5 {[%emt 0:00:15]} axb4 {[%emt 0:00:05]} 29. axb4 {[%emt 0:00:04]} Nh7
{[%emt 0:00:08]} 30. Rd4 {[%emt 0:02:16]} Nf6 {[%emt 0:00:03]} 31. Ne3 {
[%emt 0:00:20]} Re5 {[%emt 0:00:14]} 32. Kf1 {[%emt 0:00:38]} Kg6 {[%emt 0:00:
39]} 33. Ke2 {[%emt 0:00:23]} Re6 {[%emt 0:00:35]} 34. f3 {[%emt 0:02:02]} b5 {
[%emt 0:00:06]} 35. Rd2 {[%emt 0:00:04]} Ra6 {[%emt 0:00:11]} 36. Rc2 {[%emt 0:
00:07]} Nd7 {[%emt 0:00:25]} 37. f4 {[%emt 0:01:16]} Nf8 {[%emt 0:00:06]} 38.
Rd2 {[%emt 0:00:40]} Ne6 {[%emt 0:00:12]} 39. Nd5 {[%emt 0:00:11]} Ra3 {
[%emt 0:00:05]} 40. Ne7+ {[%emt 0:00:49]} Kf6 {[%emt 0:00:04]} 41. Nc6 {
[%emt 0:00:07]} h5 {[%emt 0:00:41]} 42. Ne5 {[%emt 0:00:11]} Ke7 {[%emt 0:00:
13]} 43. Rd7+ {[%emt 0:00:10]} Ke8 {[%emt 0:00:01]} 44. Rxf7 {[%emt 0:00:44]}
Nd4+ {[%emt 0:00:03]} 45. Kf2 {[%emt 0:00:02]} Ra2+ {[%emt 0:00:03]} 46. Ke3 {
[%emt 0:00:01]} Nc2+ {[%emt 0:00:01]} 47. Kd3 {[%emt 0:00:03]} Ne1+ {[%emt 0:
00:45]} 48. Kc3 {[%emt 0:00:05]} Rc2+ {[%emt 0:00:03]} 49. Kb3 {[%emt 0:00:38]}
Rxh2 {[%emt 0:00:01]} 50. Rxf5 {[%emt 0:00:00]} Rh3 {[%emt 0:00:02]} 51. Kb2 {
[%emt 0:00:06]} Rxg3 {[%emt 0:00:27]} 52. Rxh5 {[%emt 0:00:01]} Re3 {[%emt 0:
00:38]} 53. Rh6 {[%emt 0:00:20]} Kd8 {[%emt 0:00:12]} 54. Rd6+ {[%emt 0:00:12]}
Kc7 {[%emt 0:00:03]} 55. Rc6+ {[%emt 0:00:20]} Kb7 {[%emt 0:00:09]} 56. Rc5 {
[%emt 0:00:01]} Re4 {[%emt 0:00:19]} 57. Rxb5+ {[%emt 0:00:05]} Ka6 {[%emt 0:
00:01]} 58. Ra5+ {[%emt 0:00:04]} Kb6 {[%emt 0:00:03]} 59. Kc3 {[%emt 0:00:26]}
Rxf4 {[%emt 0:00:03]} 60. Nc4+ {[%emt 0:00:11]} Kb7 {[%emt 0:00:01]} 61. b5 {
[%emt 0:00:11]} Rf3+ {[%emt 0:00:25]} 62. Kd4 {[%emt 0:00:07]} Nc2+ {[%emt 0:
00:03]} 63. Ke4 {[%emt 0:00:06]} Rh3 {[%emt 0:00:21]} 64. Nd6+ {[%emt 0:00:12]}
Kc7 {[%emt 0:00:05]} 65. Ra6 {[%emt 0:00:05]} Rh4+ {[%emt 0:00:08]} 66. Kf3 {
[%emt 0:00:17]} Rb4 {[%emt 0:00:12]} 67. Rc6+ {[%emt 0:00:12]} Kd7 {[%emt 0:00:
01]} 68. Rxc2 {[%emt 0:00:09]} Kxd6 {[%emt 0:00:02]} 69. Rd2+ {[%emt 0:00:02]}
Kc5 {[%emt 0:00:01]} 70. Ke3 {[%emt 0:00:01]} Kxb5 {[%emt 0:00:01]} 71. Rd4 {
[%emt 0:00:01]} Rxd4 {[%emt 0:00:01]} 72. Kxd4 {[%emt 0:00:00]} 1/2-1/2